000 00394nam a2200181Ia 4500
100 _aCotton/Albert F
650 _aInorganic Chemistry
250 _a8
942 _cBK
366 _f15
654 _ainorganic chemistry
245 _aBasic Inorganic Chemistry
260 _bWiley India
_aNew Delhi
_c2001
082 _a546/COT
_bCOT
300 _a838
546 _aENGLISH
999 _c28127
_d28127